Ictiofauna del Río Orotoy (Registro nro. 8397)

Detalles MARC
000 -CABECERA
Campo de control 00881nam a22002417a 4500
005 - FECHA Y HORA DE LA ULTIMA TRANSACCION
Campo de control 20160601020002.0
008 - ELEMENTOS DE LONGITUD FIJA—INFORMACION GENERAL
Campo de control 140423s2011 ck abdogr|||| 00| 0 spa d
020 ## - ISBN
ISBN 9789588594576
041 ## - IDIOMA
Código de idioma para texto/pista de sonido o título separado Español
044 ## - PAÍS DE PUBLICACIÓN
País de publicación Colombia
082 ## - NUMERO DE CLASIFICACION DECIMAL DEWEY
Número de clasificación 591.9861
Número del ítem E19i
110 2# - ASIENTO PRINCIPAL--NOMBRE CORPORATIVO
Nombre corporativo o de jurisdicción como elemento de entrada Ecopetrol
245 10 - MENCION DE TITULO
Título Ictiofauna del Río Orotoy
Parte restante del título distribución e importancia
Mención de responsabilidad Ecopetrol, Universidad de los Llanos
260 3# - PUBLICACION, DISTRIBUCION, ETC. (PIE DE IMPRENTA)
Lugar de publicación, distribución, etc. Villavicencio
Nombre del editor, distribuidor, etc. Ecopetrol
-- Universidad de los Llanos
Fecha de publicación, distribución, etc. 2011
300 ## - DESCRIPCION FISICA
Extensión 260 p.
Otros detalles físicos il., fot., mapas, tablas, gráficas
Dimensiones 29 cm
504 ## - NOTA DE BIBLIOGRAFIA, ETC.
Nota de bibliografía Incluye bibliografía (páginas 258 y 259
650 #4 - ASIENTO SECUNDARIO DE MATERIA - TERMINO TEMATICO
Término temático o nombre geográfico como elemento de entrada Peces
Subdivisión general Estudio
Subdivisión geográfica Río Orotoy
650 #4 - ASIENTO SECUNDARIO DE MATERIA - TERMINO TEMATICO
Término temático o nombre geográfico como elemento de entrada Peces
Subdivisión general Conservación
Subdivisión geográfica Río Orotoy
650 #4 - ASIENTO SECUNDARIO DE MATERIA - TERMINO TEMATICO
Término temático o nombre geográfico como elemento de entrada Peces
Subdivisión general Toma de conciencia
Subdivisión geográfica Río Orotoy
650 #4 - ASIENTO SECUNDARIO DE MATERIA - TERMINO TEMATICO
Término temático o nombre geográfico como elemento de entrada Peces
Subdivisión general Descripción
Subdivisión geográfica Río Orotoy
710 2# - ASIENTO SECUNDARIO - NOMBRE CORPORATIVO
Nombre corporativo o de jurisdicción como elemento de entrada Universidad de los Llanos
942 ## - ELEMENTOS ADICIONALES (KOHA)
Sistema de clasificación Dewey Decimal Classification
Tipo de ítem Libro
Koha issues (borrowed), all copies 3
Existencias
Withdrawn status Lost status Sistema de Clasificación Damaged status No para préstamo Colección Inventariado Ubicación Permanente Ubicación actual Fecha de adquisición Fuente de Valor Valor Total Checkouts Número topográfico Inventario / Código de Barras Date last seen Date checked out Ejemplar Price effective from Forma de adquisición Tipo de material
    Dewey Decimal Classification     General Inventariado 2017 Bogotá Bogotá 23/04/2014 Instituto 39000.00 3 LB-591.9861 E19i 059583 31/05/2016 31/05/2016 Ej. 1 23/04/2014   Libro
    Dewey Decimal Classification     General   Bogotá Bogotá 18/10/2019       LB-591.9861 E19i 043616 18/10/2019   Ej.3 18/10/2019 Donación Libro
    Dewey Decimal Classification     General Inventariado 2017 Sala Fabio Quevedo Sala Fabio Quevedo 17/04/2015 Instituto 39000.00   LB-591.9861 E19i 039011 17/04/2015   Ej. 2 17/04/2015   Libro